Release of nitrogen from feace andurine of cattle fed from different diets under net house condition, ការបញ្ចេញអាសូតពីលាមក និងទឺកនោមគោបានពីចំណីផ្សេងគ្នាក្រោមលក្ខខណ្ឌផ្ទះសំណាញ់ (Record no. 1728)

000 -LEADER
fixed length control field 00685nam a22001577a 4500
003 - CONTROL NUMBER IDENTIFIER
control field OSt
005 - DATE AND TIME OF LATEST TRANSACTION
control field 20151003085700.0
008 - FIXED-LENGTH DATA ELEMENTS--GENERAL INFORMATION
fixed length control field 151003b xxu||||| |||| 00| 0 eng d
040 ## - CATALOGING SOURCE
Transcribing agency RUA
082 ## - DEWEY DECIMAL CLASSIFICATION NUMBER
Classification number AGR ROE 2012 B050 Or.1
100 ## - MAIN ENTRY--PERSONAL NAME
9 (RLIN) 1831
Personal name ROEM, SOMVICHEA
245 ## - TITLE STATEMENT
Title Release of nitrogen from feace andurine of cattle fed from different diets under net house condition, ការបញ្ចេញអាសូតពីលាមក និងទឺកនោមគោបានពីចំណីផ្សេងគ្នាក្រោមលក្ខខណ្ឌផ្ទះសំណាញ់
260 ## - PUBLICATION, DISTRIBUTION, ETC. (IMPRINT)
Place of publication, distribution, etc. Phnom Penh
Name of publisher, distributor, etc. RUA
Date of publication, distribution, etc. 2012
300 ## - PHYSICAL DESCRIPTION
Extent vi; 40p.
Other physical details ill.
Dimensions 29cm.
942 ## - ADDED ENTRY ELEMENTS (KOHA)
Source of classification or shelving scheme
Koha item type AGR
Holdings
Price effective from Date last seen Permanent Location Not for loan Date acquired Source of classification or shelving scheme Koha item type Lost status Damaged status Shelving location Withdrawn status Current Location Full call number
2015-10-032015-10-03Library Block B 2015-10-03 AGR  B050 Library Block BAGR ROE 2012 B050 Or.1
2015-10-032015-10-03Library Block B 2015-10-03 AGR  B050 Library Block BAGR ROE 2012 B050 Or.1
មជ្ឈមណ្ឌលឯការនៃសាកលវិទ្យាល័យភូមិន្ទកសិកម្មចំការដូង

Powered by Koha